| 000 | 00724nam a22002417a 4500 | ||
|---|---|---|---|
| 008 | 130918b xxu||||| |||| 00| 0 eng d | ||
| 020 | _a81-7635-113-X | ||
| 024 | _cAvailable | ||
| 037 | _cAvailable | ||
| 040 |
_aMBSTU LIBRARY _dMBSTU LIBRARY |
||
| 082 |
_222 _a005.362 HUT |
||
| 100 | _aHusain, Kamran. | ||
| 245 | _aTech yoursesf programming in 14 days. | ||
| 260 |
_aNew Delhi _bTechmedia. _c1994 |
||
| 300 |
_a23 cm. _b472 page _f1 _g23 cm. |
||
| 600 | _2Programming languages. | ||
| 650 | _2Programming languages. | ||
| 700 | _aHusain, Kamran. | ||
| 270 |
_aNew Delhi _bNew Delhi _dIndia |
||
| 365 |
_b198.00 _d198.00 |
||
| 942 |
_2ddc _cBK |
||
| 999 |
_c687 _d687 |
||